Landlocked Countries - Sudden Death - Statistics

General Stats
  • This quiz has been taken 166,200 times
    166,129 since last reset
  • The average score is 11 of 23
Answers on the Grid
Answers color-coded by a green-red scale on the quiz's grid according to % correct below.
Afghanistan
Belarus
Bhutan
Bolivia
Botswana
Bulgaria
Czech Republic
Eritrea
Ethiopia
Gambia
Georgia
Hungary
Iraq
Jordan
Laos
Latvia
Luxembourg
Mali
Moldova
Monaco
Mongolia
Montenegro
Namibia
Nepal
Niger
Paraguay
San Marino
Serbia
Slovakia
Slovenia
South Sudan
Switzerland
Uganda
Uruguay
Zambia
 
Answer Stats
Answer % Correct
Afghanistan
72%
Czech Republic
71%
Belarus
69%
Bhutan
69%
Bolivia
67%
Botswana
60%
Hungary
56%
Ethiopia
48%
Luxembourg
48%
Switzerland
46%
Mongolia
44%
Nepal
41%
South Sudan
39%
San Marino
38%
Niger
37%
Paraguay
37%
Serbia
37%
Slovakia
37%
Laos
34%
Mali
33%
Moldova
33%
Uganda
33%
Zambia
29%
No matching quizzes found
Score Distribution
Percent of People with Each Score
Percentile by Number Answered
Your Score History
You have not taken this quiz since the last reset